000 00752nam a22002177a 4500
999 _c3244
_d3244
003 BD-JhCC
005 20171119134408.0
008 171111s1985 bg |||| |||| 000 0 ben d
035 _a(BD-JhCC)
040 _aBD-JhCC
_dBD-JhCC
041 _aben
082 _a891.4409
_bKHA 1985
100 _aখান, রফিকউল্লাহ
245 _aকবিতা ও সমাজ /
_cরফিকউল্লাহ খান
260 _aঢাকা:
_bবাংলা একাডেমী,
_bমাওলা ব্রাদার্স,
_c১৯৮৫.
_c2007.
300 _a১০৪ পৃ. :
_c১৮ সেমি.
504 _aIncludes Reference
650 _aPoetry and Society
_xBengali Literature
942 _2ddc
_cBK